La calidad de las escrituras infantiles: cuentos y resúmenes, ortografía y gramática
Đã lưu trong:
| Những tác giả chính: | , |
|---|---|
| Định dạng: | Sách |
| Ngôn ngữ: | Tiếng Tây Ban Nha |
| Được phát hành: |
Buenos Aires
Santillana
2008
|
| Phiên bản: | 1a. ed |
| Loạt: | Aula XXI
|
| Những chủ đề: | |
| Các nhãn: |
Thêm thẻ
Không có thẻ, Là người đầu tiên thẻ bản ghi này!
|
MARC
| LEADER | 00000nam a2200000 a 4500 | ||
|---|---|---|---|
| 001 | UCG4038 | ||
| 003 | CL-VaPUC | ||
| 008 | 101004e20080600AG |||||||||||||||||spa|d | ||
| 020 | |a 9789504619437 | ||
| 082 | 0 | 4 | |a 808.00712 |b KAU |2 21 |
| 100 | |a Kaufman, Ana María |e author |9 553356 | ||
| 700 | 0 | |a Rodríguez, María Elena |e author |9 553357 | |
| 245 | 1 | 3 | |a La calidad de las escrituras infantiles: cuentos y resúmenes, ortografía y gramática |
| 250 | |a 1a. ed | ||
| 300 | |a 147 p | ||
| 942 | |c BK | ||
| 945 | |d 20101004 00:00:00 |a mfarfan | ||
| 260 | |a Buenos Aires |b Santillana |c 2008 | ||
| 650 | 0 | |a Retórica |9 266620 | |
| 650 | 0 | |a Escritura |9 264941 | |
| 650 | 0 | |a Educación lingüística |9 306506 | |
| 650 | 0 | |a Educación básica |9 224933 | |
| 650 | 0 | |a Métodos de enseñanza |9 270413 | |
| 583 | |a last modification |c 20170726 05:25:30 |k Rodrigo Vera | ||
| 490 | 0 | |a Aula XXI | |
| 999 | |c 342940 |d 342938 | ||
| 952 | |0 0 |1 0 |4 0 |6 808_007120000000000_KAU_2008 |7 0 |8 A |9 439655 |a BIBEDU |b BIBEDU |d 2019-11-22 |i 4723813 |o 808.00712 KAU 2008 |p 4723813 |r 2019-11-22 |w 2019-11-22 |y BK |k PAR | ||